| LEADER |
00872nas0a2200253 450 |
| 001 |
16862871 |
| 011 |
|
|
|b Br.
|d 4,4
|
| 100 |
|
|
|a 20240403d2023 u u0frey01 ba
|
| 101 |
0 |
|
|a fre
|
| 102 |
|
|
|a FR
|
| 110 |
0 |
|
|a afu 0uu0
|
| 200 |
0 |
|
|a Cuisine Actuelle [ 399 ]
|f Gillet Anne
|
| 207 |
|
1 |
|a 399
|
| 210 |
|
|
|a Paris
|c Prisma
|d 2023
|
| 215 |
|
|
|a 1 vol. (86 p.)
|c ill. coul.
|d 28x21 cm
|
| 225 |
1 |
|
|a Cuisine Actuelle
|
| 464 |
|
|
|a 94 recettes faciles
|
| 464 |
|
|
|a Menthe, céleri, pamplemousse... mon apéro frais et vitaminé
|
| 464 |
|
|
|a Dossier oeufs la crème des désserts
|
| 464 |
|
|
|a La pâte feuilletée nous donne des idées
|
| 464 |
|
|
|a Cahier région le pays bordelais : bonnes adresses et plats cultes
|
| 900 |
|
|
|a Revues et magazines
|
| 901 |
|
|
|a Adultes
|
| 995 |
|
|
|a Médiathèque
|c Médiathèque
|f 089020078
|h 089020078
|k 070.17 CUI 399
|o p
|q a
|r az
|e Médiathèque
|